000 01086nam a2200265 i 4500
001 177501
003 ES-MaACL
005 20240515063132.0
008 110329s1964 sp |||| | spa d
080 _a82-055.2
100 0 _aPaz Pasamar, Pilar,
_d1933-2019
_989779
245 1 3 _aLa mujer y la poesía de lo cotidiano /
_cPilar Paz Pasamar.
260 _aMadrid :
_bAteneo :
_bEditora Nacional,
_c1964.
300 _a30 p. ;
_c20 cm.
490 1 _aColección Ateneo ;
_v20
594 _aConferencia pronunciada en el Ateneo de Madrid el 4 de marzo de 1964.
598 _aEn verso de anteport.: Esta colección la publica Editora Nacional.
610 2 7 _aAteneo de Madrid-
_vConferencias-
_y1940-1982.
_91908
650 4 _aMujeres-
_xEn la literatura.
_915271
710 2 _aAteneo de Madrid.
_91875
830 0 _aColección Ateneo ;
_v20
_9180032
852 _aES-MaACL
_jA-6238 (20)
_xOlim P-512-bis
_z- En lomo: 12-22
852 _aES-MaACL
_jP-211-Ter-2-9
_z.- En lomo: 12-22.-
999 _c177501
_d177501